书目信息 |
| 题名: |
税收概论
|
|
| 作者: | 马国强 主编 | |
| 分册: | ||
| 出版信息: | 北京 中国财政经济出版社 1995 |
|
| 页数: | 228页 | |
| 开本: | 19cm | |
| 丛书名: | ||
| 单 册: | ||
| 中图分类: | F810.42 | |
| 科图分类: | ||
| 主题词: | 税收理论 | |
| 电子资源: | ||
| ISBN: | 7-5005-2778-0 | |
| 000 | 00597nam0 2200217 45 | |
| 001 | 0186018245 | |
| 005 | 20070723162757.89 | |
| 010 | @a7-5005-2778-0@dCNY9.20 | |
| 100 | @a19931027d1995 em y0chiy0121 ea | |
| 101 | 0 | @achi |
| 102 | @aCN@b110000 | |
| 105 | @ak z 000yy | |
| 200 | 10 | @a税收概论@Ashui shou gai lun@f马国强主编@Fma guo qiang zhu bian |
| 210 | @a北京@c中国财政经济出版社@d1995@h1995 | |
| 215 | @a228页@d19cm | |
| 606 | @a税收理论 | |
| 690 | @aF810.42@v3 | |
| 701 | 0 | @a马国强@Ama guo qiang@4主编 |
| 801 | 2 | @aCN@bNLC@c20070723 |
| 801 | 0 | @aCN@bTSSF |
| 905 | @a10447@dF810.42@e51 | |
| 税收概论/马国强主编.-北京:中国财政经济出版社,1995(1995) |
| 228页;19cm |
| ISBN 7-5005-2778-0:CNY9.20 |
| ● |
| 相关链接 |
|
|
|
|
正题名:税收概论
索取号:F810.42/51
 
预约/预借
| 序号 | 登录号 | 条形码 | 馆藏地/架位号 | 状态 | 备注 |
| 1 | 0767263 | 207672632 | 第一样本阅览室/ [索取号:F810.42/51] | 在馆 |